| 000 | 00606nam a2200205Ia 4500 | ||
|---|---|---|---|
| 003 | GCL | ||
| 008 | 140319s9999 xx 000 0 ara d | ||
| 040 |
_aGCL / _cGCL |
||
| 082 | 0 | 4 |
_a650 _bص ت |
| 100 | 1 | _aصلاح الشنونى | |
| 245 | 1 | 0 |
_aالتطورات التكنولوجية والادارة الصناعية / _cصلاح الشنونى |
| 260 |
_a[S.N] : _bمؤسسة شباب الجامعة ، _c1990 |
||
| 300 | _a371 ص | ||
| 490 | _a | ||
| 650 | 0 | 4 | _aالادارة |
| 650 | 0 | 4 | _aالتكنولوجيا |
| 650 | 0 | 4 | _aالصناعات |
| 650 | 0 | 4 | _aالصناعة |
| 942 |
_2ddc _cBK |
||
| 999 |
_c52678 _d52678 |
||